Cola-Mix Marken - Statistiken

Allgemein
  • Dieses Quiz wurde 143 mal gespielt
    142 seit der letzten Aktualisierung
  • Das Durchschnittsergebnis liegt bei 3 aus 6
Antwortstatistiken
Hint Antwort % Korrekt
Cola küsst Orange Mezzo Mix
83%
Augsburger Brauhaus Spezi (Riegele)
78%
Münchner Brauerei Paulaner
72%
Teil von PepsiCo, Inc. Schwipp Schwapp
45%
Aus NRW seit 2022 Krombacher
34%
bayerisch für „Lausbub“ Bazi
7%
Keine übereinstimmenden Quizze gefunden
Verteilung der Resultate
Anzahl Personen mit jedem Resultat
Perzentil nach korrekt beantworteten Fragen
Ihre Resultats-Entwicklung
Sie haben dieses Quiz seit der letzten Aktualisierung nicht gespielt